| 000 | 00695nam a2200229Ia 4500 | ||
|---|---|---|---|
| 003 | GCL | ||
| 008 | 140319s9999 xx 000 0 ara d | ||
| 020 | _a2431345977 | ||
| 040 |
_aGCL / _cGCL |
||
| 082 | 0 | 4 |
_a332.63 _bو ا |
| 100 | 1 | _aوايت، جون | |
| 245 | 1 | 0 |
_aالاستثمار فى السندات والاسهم / _cوايت، جون |
| 260 |
_aالقاهرة : _bدار الفاروق للنشر والتوزيع ، _c2005 |
||
| 300 |
_a272 ص ؛ _c24 سم |
||
| 650 | 0 | 4 | _aالاستثمار |
| 650 | 0 | 4 | _aالاوراق المالية |
| 650 | 0 | 4 | _aالمضاربة |
| 650 | 0 | 4 | _aالسندات |
| 650 | 0 | 4 | _aالبورصات |
| 650 | 0 | 4 | _aالاسهم |
| 942 |
_2ddc _cBK |
||
| 999 |
_c8279 _d8279 |
||